00599nam a2200169 a 450000100100000000500170001000800410002702000150006804000250008308200130010824501040012126000460022530000280027150000740029970000390037399900170041200002396620200930022616.0110117s1977 sp 000 0 spa d a8471460513 aDO-SdBNPbspacBNPHU axxxbxxx00aPuentes y pasos elevados para carreteras y vías urbanas /cCarlos Fernández Casado... [et al.]. aBarcelona :bTécnicos Asociados,c1977. a258 p. :bil. ;c19 cm. aIncluye referencias bibliográficas y notas al pie de las páginas.1 aFernández Casado, Carlos.949301 c23462d23462